000 00687nam a22002417a 4500
003 OSt
005 20220107122744.0
008 140523b xxu||||| |||| 00| 0 eng d
020 _a9788126511730
040 _cIIITM-K
082 _a005.2762 ORF/C
100 _aOrfali, Robert
_94981
245 _aClient/server programming with Java and Corba
_cby Robert Orfali; Dan Harkey
250 _a2nd ed.
260 _aNew Delhi,
_bWiley,
_c2011.
300 _axxvi, 1022p.
_e1 CD ROM
650 _aCOMPUTER SCIENCE
_94982
650 _aINFORMATION TECHNOLOGY
_94983
650 _aCLIENT SERVER TECHNOLOGY
_94984
650 _aCORBA
_94987
700 _aHarkey, Dan
_94985
942 _2ddc
_cBK
999 _c4100
_d4100